000 00167nam a22000857a 4500
082 _a823
100 _aKIRAN
245 _aSRI RAMA'S MORAL STORY BOOK STEP XII
942 _cBK
999 _c8093
_d8093